000 01028nam a2200277Ia 4500
003 OSt
005 20221005105602.0
006 a|||||r|||| 00| 0
007 ta
008 221004b |||||||| |||| 00| 0 hin d
020 _a8131601765 (pbk)
024 _a26447
037 _bGift, 05/05/2016,
_cTextual
040 _aCRL
_cCRL
_bhin
041 _2hin
_ahin
082 _aY, 152P8
100 _aआहूजा, राम
245 0 _aसमाजशास्त्र
_b विवेचना और परिप्रेक्ष्य
246 _aSamājashāstra: vivechanā aur pariprekṣhya
260 _aनई दिल्ली
_bरावत पब्लिकेशन्स भारत
_c2008
300 _a452पृ0
_ccm.
650 _aभारतीय-लोक साहित्य
700 _a आहूजा, मुकेश
942 _hY, 152P8
_cTEXL
_2cc
999 _c1016254
_d1016254